[Event "BRA-ch Amateur U2000"]
[Site "Sao Paulo"]
[Date "2019.06.20"]
[Round "1"]
[White "Ritzel, Ricardo Agne"]
[Black "Cohen, Jaime"]
[Result "1/2-1/2"]
[WhiteElo "1773"]
[BlackElo "1986"]
[PlyCount "89"]
[EventDate "2019.06.20"]
[EventType "swiss"]
[EventRounds "7"]
[EventCountry "BRA"]
[SourceTitle "EXT 2020"]
[Source "ChessBase"]
[SourceDate "2019.10.17"]
[SourceVersion "1"]
[SourceVersionDate "2019.10.17"]
[SourceQuality "1"]

1. e4 e5 2. Nf3 Nc6 3. Bb5 a6 4. Ba4 Nf6 5. 0-0 Be7 6. Re1 b5 7. Bb3 d6 8. h3 0-0 9. c3 Nb8 10. d4 Nbd7 11. Nbd2 Bb7 12. Bc2 Re8 13. Nf1 Bf8 14. Ng3 g6 15. Nh2 c5 16. d5 c4 17. f4 exf4 18. Bxf4 Ne5 19. Nf3 Nfd7 20. Nxe5 Nxe5 21. Qd2 Bc8 22. a4 Bd7 23. axb5 axb5 24. Rxa8 Qxa8 25. Rf1 Bg7 26. Ne2 Rb8 27. Nd4 Qa5 28. Qf2 Be8 29. Bxe5 Bxe5 30. Kh1 Qb6 31. Nf3 Qxf2 32. Rxf2 Bg3 33. Rf1 b4 34. Rb1 bxc3 35. bxc3 Rxb1+ 36. Bxb1 Ba4 37. Kg1 Bb3 38. Kf1 Kg7 39. Ke2 Kf6 40. Ke3 Be5 41. Nd4 g5 42. g4 Bf4+ 43. Ke2 Ke5 44. Nc6+ Kf6 45. Nd4 1/2-1/2

[Event "BRA-ch Amateur U1800"]
[Site "Sao Paulo"]
[Date "2017.10.12"]
[Round "1"]
[White "Passos, Rafael Moreira"]
[Black "Ritzel, Ricardo Agne"]
[Result "0-1"]
[WhiteElo "1605"]
[BlackElo "1737"]
[PlyCount "68"]
[EventDate "2017.10.12"]
[EventType "swiss"]
[EventRounds "7"]
[EventCountry "BRA"]
[SourceTitle "EXT 2019"]
[Source "ChessBase"]
[SourceDate "2018.10.10"]
[SourceVersion "1"]
[SourceVersionDate "2018.10.10"]
[SourceQuality "1"]

1. Nf3 Nf6 2. c4 g6 3. d4 Bg7 4. Nc3 0-0 5. e4 d6 6. Be2 Nbd7 7. 0-0 e5 8. Qc2 c6 9. Rd1 Qe7 10. d5 c5 11. Nd2 Ne8 12. a3 f5 13. f3 f4 14. b4 b6 15. Nb3 g5 16. bxc5 Nxc5 17. Nxc5 bxc5 18. Rb1 h5 19. Bd2 g4 20. Rb3 g3 21. h3 Qh4 22. Be1 Bf6 23. Rdb1 Be7 24. Rb8 Rxb8 25. Rxb8 Nf6 26. Bf1 Kg7 27. Rb2 Nh7 28. Nb5 Ng5 29. Nxa7 Bxh3 30. gxh3 Nxf3+ 31. Kh1 Nxe1 32. Qd1 f3 33. Kg1 f2+ 34. Kh1 Qxe4+ 0-1